| 000 | 00467nam a2200121Ia 4500 | ||
|---|---|---|---|
| 008 | 220615s9999||||xx |||||||||||||| ||und|| | ||
| 100 | _aNaveed, Arif | ||
| 245 | 0 |
_aChapter 7 Overriding social inequality? _bEducational aspirations versus the material realities of rural families in Pakistan |
|
| 546 | _aEnglish[eng] | ||
| 650 | _aEducation | ||
| 856 | _uhttps://library.oapen.org/bitstream/20.500.12657/54703/1/9780429293467_10.4324_9780429293467-9.pdf | ||
| 942 | _cEB | ||
| 999 |
_c8011 _d8011 |
||